Conservacion de monarquias y discursos politicos sobre la gran consulta que el Consejo hizo al señor rey don Felipe tercero... / (Record no. 154062)
[ view plain ]
| 000 -LEADER | |
|---|---|
| campo de control de longitud fija | 01650nam a2200325 i 4500 |
| 001 - NÚMERO DE CONTROL | |
| campo de control | 154062 |
| 003 - IDENTIFICADOR DE NÚMERO DE CONTROL | |
| campo de control | ES-MaACL |
| 005 - FECHA Y HORA DE LA ÚLTIMA TRANSACCIÓN | |
| campo de control | 20230906205514.0 |
| 008 - DATOS DE LONGITUD FIJA--INFORMACIÓN GENERAL | |
| campo de control de longitud fija | 931025s1626 sp a |||| | spa d |
| 080 ## - NÚMERO DE LA CLASIFICACIÓN DECIMAL UNIVERSAL | |
| Número de la Clasificación Decimal Universal | 342.518(460) |
| 080 ## - NÚMERO DE LA CLASIFICACIÓN DECIMAL UNIVERSAL | |
| Número de la Clasificación Decimal Universal | 32(460)"1598/1621" |
| 100 1# - ENTRADA PRINCIPAL--NOMBRE DE PERSONA | |
| Nombre de persona | Fernández Navarrete, Pedro. |
| 9 (RLIN) | 49952 |
| 245 10 - MENCIÓN DEL TÍTULO | |
| Título | Conservacion de monarquias y discursos politicos sobre la gran consulta que el Consejo hizo al señor rey don Felipe tercero... / |
| Mención de responsabilidad, etc. | por... Pedro Fernandez Navarrete... |
| 260 ## - PUBLICACIÓN, DISTRIBUCIÓN, ETC. | |
| Lugar de publicación, distribución, etc. | En Madrid : |
| Nombre del editor, distribuidor, etc. | en la Imprenta Real, |
| Fecha de publicación, distribución, etc. | 1626. |
| 300 ## - DESCRIPCIÓN FÍSICA | |
| Extensión | [10], 344 p. ; |
| Dimensiones | Fol. |
| 505 8# - NOTA DE CONTENIDO CON FORMATO | |
| Nota de contenido con formato | Contiene: Carta de Lelio Peregrino a Stanislao Borbio, priuado de rey de Polonia / Pedro Fernandez Nauarrete, p. 313-340 |
| 530 ## - NOTA DISPONIBLE DE FORMULARIO FÍSICO ADICIONAL | |
| Nota de formato físico adicional disponible | Disponible en formato digital. |
| 595 ## - | |
| -- | Hay diferentes estados de esta ed.: unos ejemp. con port. grab. calc. y otros con port. tip. |
| 597 ## - NOTA DE DESCRIPCIÓN FÍSICA | |
| NOTA DE DESCRIPCIÓN FÍSICA | Sign.: [ ]1, 2[calderón]4, A-Z6, 2A-2D6, 2E8, 2F2. |
| 597 ## - NOTA DE DESCRIPCIÓN FÍSICA | |
| NOTA DE DESCRIPCIÓN FÍSICA | Texto a dos col. fileteado. |
| 599 ## - NOTA A LAS ILUSTRACIONES | |
| NOTA A LAS ILUSTRACIONES | Port. grab. calc.: "F.Agus. Leonardo Inuen. Alardo de Popmor sculp." |
| 610 24 - PUNTO DE ACCESO ADICIONAL DE MATERIA--NOMBRE DE ENTIDAD CORPORATIVA | |
| Nombre de entidad corporativa o nombre de jurisdicción como elemento de entrada | Consejo Real de Castilla. |
| 9 (RLIN) | 155193 |
| 650 #4 - PUNTO DE ACCESO ADICIONAL DE MATERIA--TÉRMINO DE MATERIA | |
| Término de materia o nombre geográfico como elemento de entrada | Monarquía- |
| Subdivisión geográfica | España- |
| Subdivisión cronológica | S.XVII. |
| 9 (RLIN) | 148390 |
| 651 #4 - PUNTO DE ACCESO ADICIONAL DE MATERIA--NOMBRE GEOGRÁFICO | |
| Nombre geográfico | España- |
| Subdivisión general | Historia- |
| Subdivisión cronológica | 1598-1621, Felipe III. |
| 9 (RLIN) | 8234 |
| 700 1# - ENTRADA AGREGADA--NOMBRE PERSONAL | |
| Nombre de persona | Leonardo, Agustín. |
| 9 (RLIN) | 128882 |
| 700 1# - ENTRADA AGREGADA--NOMBRE PERSONAL | |
| Nombre de persona | Popmor, Alardo de. |
| 9 (RLIN) | 131281 |
| 852 4# - LOCALIZACIÓN | |
| Ubicación | ES-MaACL |
| Número de control de estantería | R-2657 |
| Encuadernación | - Olim: B-10806 |
| Nota libre | - Enc. pasta |
| 856 4# - LOCALIZACIÓN Y ACCESO ELECTRÓNICOS | |
| Identificador Uniforme de Recursos | <a href="https://repositorio.bde.es/handle/123456789/3096 ">https://repositorio.bde.es/handle/123456789/3096 </a> |
| Nota pública | Repositorio Institucional del Banco de España |
| 856 4# - LOCALIZACIÓN Y ACCESO ELECTRÓNICOS | |
| Identificador Uniforme de Recursos | <a href="https://patrimoniodocumental.icam.es/es/consulta/registro.do?id=87570">https://patrimoniodocumental.icam.es/es/consulta/registro.do?id=87570</a> |
| Nota pública | Biblioteca del Ilustre Colegio de Abogados de Madrid |
| Estatus retirado | Estado de pérdida | Estado de daño | No para préstamo | Colección | Biblioteca de origen | Biblioteca actual | Ubicación en estantería | Fecha de adquisición | Fuente de adquisición | Total de préstamos | Signatura topográfica completa | Código de barras | Visto por última vez | Precio de reemplazo | Tipo de ítem Koha |
|---|---|---|---|---|---|---|---|---|---|---|---|---|---|---|---|
| Colección digital | Biblioteca del Ateneo de Madrid | Biblioteca del Ateneo de Madrid | Depósito | 17/01/2008 | R-2657 | 1161089 | 23/02/2023 | 23/02/2023 | Libro impreso antiguo |
